000 00771nam a2200289Ia 4500
005 20260324113807.0
008 008 260324s9999 xx 000 0 eng d
020 _a9781003408949
037 _aEBOOK
040 _aCRL
040 _beng
040 _cCRL
041 _2eng
041 _aeng
084 _qCRL
100 _aChansik Park; Farzad Pour Rahimian; Nashwan Dawood; Akeem Pedro; Lee Dongmin; Rahat Hussain; Mehrtash Soltani
_91148197
245 0 _aDigitalization in Construction
245 0 _bRecent trends and advances
260 _bTaylor and Francis
260 _c2023
365 _a
365 _b355
856 _uhttp://www.taylorfrancis.com/books/9781003408949
942 _cEBOOK
999 _c1738031
_d1738031